000 00652nam a2200205Ii 4500
003 JO-AjNU
008 230605s9999||||xx |||||||||||||| ||und||
040 _aJO-AjNU
_bara
_erda
_cJO-AjNU
041 _aara
050 1 4 _aP123.B55 2006
100 3 _aبن ذريل,عدنان تاليف,
_eauthor
_923977
245 0 0 _aاللغة والأسلوب: دراسة
250 _aط2
264 3 1 _aعمان:دارمجدلاوي للطباعة والنشر,2002
300 _a229ص
336 _atext
_btxt
_2rdacontent
337 _aunmediated
_bn
_2rdamedia
338 _avolume
_bnc
_2rdacarrier
650 4 _aاللغة-اللغة والاسلوب
_923978
999 _aA8758
_c12326
_d12326